| 000 | 00863nam a2200253Ia 4500 | ||
|---|---|---|---|
| 003 | OSt | ||
| 005 | 20220924124214.0 | ||
| 006 | a|||||r|||| 00| 0 | ||
| 007 | ta | ||
| 008 | 220923b |||||||| |||| 00| 0 urd d | ||
| 020 | _c127 | ||
| 024 | _a284789 | ||
| 037 |
_b43536, 13/03/2015, Segment Book Distributors _cTextual |
||
| 040 |
_aARTS _cARTS _burd |
||
| 041 |
_2urd _aurd |
||
| 082 | _aV252,1wM27, 168Q0 | ||
| 100 |
_aMeerza Kaukub Qudr sajjad Ali Au. _9195183 |
||
| 245 | 0 | _aWajid Ali Shah ki adabi aur saqafati khidmat | |
| 260 |
_aNew Delhi _b National Council for Promotion of Urdu Language India _c2010 |
||
| 300 |
_a683p. _ccm. |
||
| 650 | _aUTTAR PRADESH - HISTORY | ||
| 942 |
_hV252,1wM27, 168Q0 _cTEXL _2CC |
||
| 999 |
_c418804 _d418804 |
||